000 00422nam a2200193Ia 4500
005 20240823020933.0
008 240823s9999||||xx |||||||||||||| ||und||
020 _a0-425-12546-7
041 _aENGLISH
082 _A813 N1
100 _a"Cook,Robin"
245 0 _aHarmful Intent
250 _a1st
260 _c1991
_b"Berkley,New"
500 _aYES
650 _aNovel
_bEnglish
942 _cBK
999 _c175909
_d175909